00705nam a2200145 a 4500008004100000050001800041110002600059245009100085260003900176300001400215500024800229650002600477650002200503650003400525220831s1992 ||||||||||||||||| || u aCBU(02)1999/1 aCopperbelt University10aPapers presented at the African University day 1992cBy The Copperbelt University(CBU) aKitwebCopperbelt Universityc1992 a[various] a1. SPEECHES BY HIS WORSHIP THE MAYOR COUNCILLOR L.S. KAZABU  2.PAPER PRSENTED BY Dr, JOHN LUNGU(ACTING VICE CHANCELLOR) 3 PAPER PRESENTED BY NESSAN J RONAN 4. PAPER PRESENTED BY C.B.M. LUNGU and Capt. KANUNGWE 5. PAPER PRESENTED BY K MUMBA   aEDUCATION--CONGRESSES aEDUCATION, HIGHER aEDUCATION--ZAMBIA--CONGRESSES